Lyrics raten #1 - Statistiken

Allgemein
  • Dieses Quiz wurde 2.045 mal gespielt
  • Das Durchschnittsergebnis liegt bei 94 aus 422
Antwortstatistiken
Antwort % Korrekt
Ich
95%
ich
95%
(Ich
95%
(ich
95%
da
73%
See
72%
sie
72%
die
66%
(die
66%
Die
66%
der
65%
bin
64%
es
63%
das
62%
Das
62%
und
55%
ihr
49%
ist
46%
wie
46%
den
45%
für
41%
Für
41%
mein
39%
Mein
39%
an
37%
ne
36%
Was
36%
was
36%
am
35%
im
35%
Im
35%
dich
34%
dein
33%
auf
31%
bis
31%
nicht
30%
ab
29%
dir
28%
sind
28%
dass
27%
mich
27%
mit
26%
denn
23%
nach
23%
Warum
23%
deine
19%
einer
19%
Hier
19%
immer
19%
hat
18%
von
18%
schon
17%
nur
16%
jetzt
15%
(jetzt
15%
(Jetzt
15%
komm
15%
noch
15%
to
15%
Maché
14%
aus
13%
wird
12%
ihre
11%
über
11%
einem
10%
wieder
10%
durch
8%
Mütter
8%
vom
8%
wollt
8%
erst
7%
Frag
7%
Väter
7%
zwei
7%
Arm
5%
Fick
5%
habt
5%
Rap
5%
Frage
4%
Hätten
4%
pro
4%
wissen
4%
Azzlack
3%
cho
3%
dunkel
3%
ihnen
3%
kommt
3%
Tränen
3%
Wolken
3%
Zuhälter
3%
Zuhälter)
3%
06-06-9
2%
Block
2%
Bordell
2%
Bordell)
2%
Deutscher
2%
(Deutscher
2%
ermordet
2%
ermordet)
2%
früher
2%
Kauf
2%
knall
2%
links
2%
Moment
2%
öffnet
2%
rechts
2%
rum
2%
Schläfe
2%
wasch
2%
Welcome
2%
Winter
2%
Album
1%
Azzlacks
1%
behindert
1%
Bullen
1%
Direkt
1%
direkt
1%
Euros
1%
Ferrari
1%
gewusst
1%
gleichen
1%
Gramm
1%
Grämmchen
1%
Haschisch
1%
Höllenpforten
1%
Höllenpforten)
1%
(huh)
1%
Hurensöhne
1%
knallen
1%
Kokain
1%
kratzen
1%
Kugel
1%
Löcher
1%
locken
1%
Motor
1%
Motorrad
1%
nachdem
1%
Ninjas
1%
pack
1%
Paket
1%
Pistolen
1%
rappt
1%
Räubermusik
1%
roten
1%
Rothschild
1%
Schädel
1%
Schreib
1%
Skimasken
1%
Spass
1%
Strassenninjas
1%
Text
1%
Theorie
1%
tickt
1%
Trotzdem
1%
während
1%
wird’s
1%
Yarak
1%
Zwar
1%
ähnelt
0%
Akhi
0%
Banken
0%
Blockkids
0%
Chevignon
0%
Dickdarm
0%
Durst
0%
fahr’n
0%
geklauten
0%
Golf
0%
Hafts
0%
halbe
0%
Haram-Massari
0%
heul’n
0%
Höllenfporten)
0%
hungrig
0%
Innenfutter
0%
Integration
0%
Jagd
0%
kackt
0%
Kiddies
0%
komm’n
0%
Lederjacke
0%
Leichenhaus
0%
Marseille
0%
MC’s
0%
Narben
0%
Neunmillimeter
0%
Nigerian
0%
Ohrschell’n
0%
press
0%
Rashid
0%
Rippen
0%
Rollies
0%
Sahbi
0%
scharfen
0%
schiesst
0%
schneller
0%
Schnuff
0%
Sozialamt
0%
streck
0%
Submarine
0%
tötet
0%
Twizzlerprobe
0%
umkomm’n
0%
vercheck
0%
verfolgen
0%
verpass
0%
wartet
0%
(wuh)
0%
(Wuh)
0%
Yachtmaster
0%
Zwölfhundert
0%
Keine übereinstimmenden Quizze gefunden
Verteilung der Resultate
Anzahl Personen mit jedem Resultat
Perzentil nach korrekt beantworteten Fragen
Ihre Resultats-Entwicklung
Sie haben dieses Quiz noch nicht gespielt